000 00687nam a2200241Ia 4500
003 GCL
008 140319s9999 xx 000 0 eng d
040 _aGCL /
_cGCL
082 0 4 _a362.5
_bM F
100 1 _aDWYER, JOHANNA T
245 1 0 _aFOOD AND NUTRITION POLICY IN A CHANGING WORLD /
_cDWYER, JOHANNA T
700 1 _aMAYER, JEAN
260 _a[S.N] :
_bOXFORD UNIVERSITY PRESS ،
_c1979
300 _a300 P
650 0 4 _aNUTRITION
650 0 4 _aMALNUTRITION IN CHILDREN
650 0 4 _aFOOD
650 0 4 _aDEVELOPING COUNTRIES
650 0 4 _aUNDERDEVELOPED AREAS - LECTURES
650 0 4 _aCHILDREN - NUTRITION - LECTURES
650 0 4 _aCHILDREN - NUTRITION
942 _2ddc
_cBK
999 _c14872
_d14872